Catalog

Record Details

Catalog Search



The pet rock mystery : Squirrel Lock Holmes Cover Image Book Book

The pet rock mystery : Squirrel Lock Holmes/ Ashley Belote.

Belote, Ashley,: (author,:, illustrator.). RH Graphic,: (publisher.). Penguin Random House. (Added Author).

Summary:

THE CASE OF THE MISSING PET ROCK Reggie the Rabbit's Pet Rock, Dwayne (aka, "the Rock") Scene of the Pet Rock Obedience School Reggie's classmates -- and even his teacher! - and even his teacher! Detective Squirrel Lock Holmes and her partner in crime-solving -- Mole Watson -- are experts in finding lost things. But can they find Reggie's pet rock? Or will they hit rock bottom?

Record details

  • ISBN: 9780593897829
  • ISBN: 059389782X
  • ISBN: 9780593897836
  • ISBN: 0593897838
  • Physical Description: 67 pages : color illustrations ; 22 cm
  • Publisher: New York : RH Graphic, 2026

Content descriptions

General Note:
"A Stepping Stone Book" -- title page verso.
Formatted Contents Note:
Gone missing! -- Ask questions -- The scene of the crime -- The suspects -- Case closed.
Awards Note:
A Junior Library Guild Gold Standard selection
Subject: Forest animals > Comic books, strips, etc.
Lost articles > Comic books, strips, etc.
Squirrels > Comic books, strips, etc.
Rocks
Lost and found possessions > Fiction.
Genre: Fiction.
Detective and mystery comics.
Funny animal comics.
Graphic novels.

LDR 03644cam a22007218i 4500
001167411
003SBPL
00520260420160939.0
008250602t20262026nyua b 6 000 1 eng
007ta
010 . ‡a 2024052380
020 . ‡a9780593897829 ‡q(hardcover)
020 . ‡a059389782X ‡q(hardcover)
020 . ‡a9780593897836 ‡q(library binding)
020 . ‡a0593897838 ‡q(library binding)
035 . ‡a(OCoLC)1528566424
05000. ‡aPZ7.7.B4355 ‡bPe 2026
08200. ‡a741.5/973 ‡223/eng/20250602
1001 . ‡aBelote, Ashley,: ‡eauthor,: ‡eillustrator.
24514. ‡aThe pet rock mystery : ‡bSquirrel Lock Holmes/ ‡cAshley Belote.
264 1. ‡aNew York : ‡bRH Graphic, ‡c2026
300 . ‡a67 pages : ‡bcolor illustrations ; ‡c22 cm
334 . ‡asingle unit ‡bmono
336 . ‡atext ‡btxt ‡2rdacontent
336 . ‡astill image ‡bsti ‡2rdacontent
337 . ‡aunmediated ‡bn ‡2rdamedia
338 . ‡avolume ‡bnc ‡2rdacarrier
385 . ‡mAge group ‡nage ‡aChildren
4901 . ‡aSquirrel Lock Holmes ; ‡vBk 1
500 . ‡a"A Stepping Stone Book" -- title page verso.
50500. ‡tGone missing! -- ‡tAsk questions -- ‡tThe scene of the crime -- ‡tThe suspects -- ‡tCase closed.
520 . ‡aTHE CASE OF THE MISSING PET ROCK Reggie the Rabbit's Pet Rock, Dwayne (aka, "the Rock") Scene of the Pet Rock Obedience School Reggie's classmates -- and even his teacher! - and even his teacher! Detective Squirrel Lock Holmes and her partner in crime-solving -- Mole Watson -- are experts in finding lost things. But can they find Reggie's pet rock? Or will they hit rock bottom?
5868 . ‡aA Junior Library Guild Gold Standard selection
650 0. ‡aForest animals ‡vComic books, strips, etc.
650 0. ‡aLost articles ‡vComic books, strips, etc.
650 0. ‡aSquirrels ‡vComic books, strips, etc.
650 0. ‡aRocks
650 0. ‡aLost and found possessions ‡vFiction.
655 7. ‡aFiction. ‡2lcgft
655 7. ‡aDetective and mystery comics. ‡2lcgft
655 7. ‡aFunny animal comics. ‡2lcgft
655 7. ‡aGraphic novels. ‡2lcgft
7102 . ‡aRH Graphic,: ‡epublisher.
7102 . ‡aPenguin Random House.
8301 . ‡aBelote, Ashley. ‡tSquirrel Lock Holmes ; ‡vBk 1.
901 . ‡a167411 ‡bAUTOGEN ‡c167411 ‡tbiblio

Additional Resources